[Event "LTU-ch"]
[Site "Kaunas"]
[Date "2018.03.03"]
[Round "2"]
[White "Stauskas, Lukas"]
[Black "Skerba, Gediminas"]
[Result "1-0"]
[WhiteElo "2315"]
[BlackElo "1427"]
[PlyCount "71"]
[EventDate "2018.03.02"]
[EventType "swiss"]
[EventRounds "9"]
[EventCountry "LTU"]
[SourceTitle "CBM 183 Extra"]
[Source "ChessBase"]
[SourceDate "2018.04.19"]
[SourceVersion "1"]
[SourceVersionDate "2018.04.19"]
[SourceQuality "1"]

1. d4 Nf6 2. Nf3 e6 3. c4 d5 4. Nc3 Be7 5. Bg5 Nbd7 6. e3 c6 7. Qc2 b6 8. Rd1 0-0 9. Be2 dxc4 10. Bxc4 Bb7 11. 0-0 h6 12. Bh4 Nh5 13. Bxe7 Qxe7 14. e4 Nf4 15. Rfe1 Qf6 16. e5 Qg6 17. Qxg6 Nxg6 18. Bd3 Nf4 19. Be4 a6 20. Nd2 b5 21. Nb3 a5 22. Nxb5 Nd5 23. Nd6 a4 24. Nd2 Rfb8 25. Rc1 Ra6 26. Bxd5 exd5 27. Nxf7 Kxf7 28. e6+ Ke7 29. exd7+ Kxd7 30. Nf3 Rb6 31. Ne5+ Kd6 32. Nd3 Ba6 33. Nc5 Bc4 34. Re6+ Kc7 35. Re7+ Kd8 36. Rce1 1-0

[Event "Plunge City-ch"]
[Site "Plunge"]
[Date "2016.01.17"]
[Round "2.5"]
[White "Valauskas, Juozas"]
[Black "Skerba, Gediminas"]
[Result "0-1"]
[WhiteElo "1833"]
[BlackElo "1387"]
[PlyCount "142"]
[EventDate "2016.01.17"]
[EventType "swiss"]
[EventRounds "9"]
[EventCountry "LTU"]
[SourceTitle "EXT 2024"]
[Source "ChessBase"]
[SourceDate "2023.10.10"]
[SourceVersion "1"]
[SourceVersionDate "2023.10.10"]
[SourceQuality "1"]

1. e4 e5 2. Nf3 Nc6 3. Bc4 Bc5 4. 0-0 d6 5. d3 h6 6. h3 Nf6 7. Nc3 0-0 8. a3 Be6 9. Bxe6 fxe6 10. Na4 Bb6 11. Nxb6 axb6 12. Nh2 Nd4 13. c3 Nc6 14. Ng4 Nxg4 15. Qxg4 Rf6 16. h4 Qe7 17. Bd2 Raf8 18. f3 Qe8 19. h5 Ne7 20. d4 exd4 21. cxd4 Nc6 22. Rac1 Qf7 23. Rc3 Re8 24. Rfc1 Re7 25. b4 b5 26. f4 Nd8 27. e5 dxe5 28. fxe5 Rf5 29. Bxh6 Qxh5 30. Qxh5 Rxh5 31. Rg3 Rxh6 32. Rgc3 c6 33. Ra1 Rh4 34. Rd3 Rd7 35. a4 bxa4 36. Rxa4 Rhxd4 37. Rf3 Rd3 38. Rf4 Nf7 39. Ra8+ Rd8 40. Ra7 R3d4 41. Rxd4 Rxd4 42. Rxb7 Nxe5 43. b5 cxb5 44. Rxb5 Rd5 45. Rb7 Rd7 46. Rb5 Ng6 47. g3 Kf7 48. Kg2 Kf6 49. Rb2 e5 50. Kf2 Ke6 51. Rb3 e4 52. Rb6+ Rd6 53. Rb7 Ne7 54. Ke3 Rd3+ 55. Kxe4 Rxg3 56. Rb6+ Kf7 57. Rb7 Rg6 58. Kf3 Re6 59. Rb8 Kf6 60. Rb4 g6 61. Rb8 Kg5 62. Rb5+ Nf5 63. Rb4 Re3+ 64. Kf2 Ra3 65. Rb5 Ra4 66. Kf3 Rf4+ 67. Kg2 Kg4 68. Rb3 g5 69. Rd3 Nh4+ 70. Kg1 Nf3+ 71. Kh1 Kg3 0-1

[Event "Palanga op"]
[Site "Palanga"]
[Date "2015.06.17"]
[Round "4"]
[White "Liutvinas, Laurynas"]
[Black "Skerba, Gediminas"]
[Result "1-0"]
[WhiteElo "1668"]
[BlackElo "1418"]
[PlyCount "67"]
[EventDate "2015.06.15"]
[EventType "swiss"]
[EventRounds "9"]
[EventCountry "LTU"]
[SourceTitle "CBM 167 Extra"]
[Source "ChessBase"]
[SourceDate "2015.09.14"]
[SourceVersion "1"]
[SourceVersionDate "2015.09.14"]
[SourceQuality "1"]

1. Nf3 Nc6 2. d4 d5 3. g3 Bf5 4. Bg2 e6 5. Kf1 Nf6 6. a3 Bd6 7. Nbd2 0-0 8. c4 dxc4 9. Nxc4 h6 10. Nxd6 Qxd6 11. e3 Be4 12. b4 a6 13. Bb2 Qd5 14. Rc1 Rac8 15. Rc5 Qd6 16. Ne5 Bxg2+ 17. Kxg2 Nd7 18. Nxd7 Qxd7 19. Qc2 Rfd8 20. Qc3 f6 21. Rc1 Qd6 22. a4 Rd7 23. b5 axb5 24. Rxb5 Nd8 25. Ba3 Qa6 26. Qb4 Rf7 27. d5 exd5 28. Rxd5 Qe6 29. Rcd1 Qe8 30. Qb3 Kh8 31. Rxd8 Rxd8 32. Rxd8 Qxd8 33. Qxf7 Kh7 34. Bf8 1-0